000 00708cam a2200217 4500
008 090401t1996 xxu||||| |||| 00| 0 eng d
020 _a0112709540
035 _a(Sirsi) u20188
041 _aeng
050 _a346.41013
110 _aDepartment for Education and Employment
_92846
245 _aDisability Discrimination Act 1995 : code of practice for the elimination of discrimination in the field of employment against disabled persons who have a disability.
260 _aLondon
_bHMSO
_c1996
300 _a58,xp. ; 30cm.
350 _a9.95
650 _aDISABILITY DISCRIMINATION ACT 1995
650 _aDISABLED PEOPLE
690 _aECONOMIC AND SOCIAL
942 _n0
948 _c04/03/1997
999 _c87768
_d87768